Geography Quiz

Random Geography or City Quiz

Largest US Cities With No Walmart Quiz Stats

 Plays Quiz Updated Sep 21, 2018

Score 0/16 Timer 07:00
4 Plays Today
Population City % Correct
8,550,405New York, New York
97.2%
3,971,883Los Angeles, California
85.9%
667,137Boston, Massachusetts
58%
864,816San Francisco, California
52.5%
684,451Seattle, Washington
50.1%
621,849Baltimore, Maryland
41.1%
677,116Detroit, Michigan
40.3%
410,939Minneapolis, Minnesota
34.1%
Population City % Correct
419,267Oakland, California
30.7%
315,685St. Louis, Missouri
28.8%
281,944Newark, New Jersey
18.3%
474,140Long Beach, California
18%
264,290Jersey City, New Jersey
10.3%
201,116Yonkers, New York
6.9%
229,164Arlington, Virginia
4.1%
247,542Gilbert, Arizona
2.9%

You're not logged in!

Compare scores with friends on all Sporcle quizzes.
OR
Log In

Show Comments

Extras

Top Quizzes Today


Score Distribution

Your Account Isn't Verified!

In order to create a playlist on Sporcle, you need to verify the email address you used during registration. Go to your Sporcle Settings to finish the process.

Report this User

Report this user for behavior that violates our Community Guidelines.

Details: